000 00934nam a22003017a 4500
001 BR2016002008
003 BR-BrBNA
005 20230928104851.0
007 ta
008 230509b bl.||||| |||| 00| 0 por d
040 _aBR-BrBNA
_bpor
_cBiblioteca Nacional de Agricultura
041 _a(Por)
072 _aE16; E72
090 _ E16 BR2016002008
110 1 _aConfederação da Agricultura e Pecuária do Brasil, Brasília, DF (Brasil)
_92548
245 1 _aEstradas vicinais, escoamento da produção agropecuária no Brasil
_bObservatório da Competitividade
260 3 _aBrasília, DF (Brasil):
_c[nd].
300 _a105 p.
500 _aPublished 2012?; 13 illus.; 75 tables
650 _aLOGÍSTICA
650 _aAGRONEGÓCIO
650 _aPRODUTO
650 _aANÁLISE DE DADOS
650 _aESTRADA VICINAL
650 _aESCOAMENTO DA PRODUÇÃO
909 _a202309
_bLucia
_c55
_dLucia Elande
942 _cBK
999 _c82172
_d82172